| 000 | 00502nam a22001577a 4500 | ||
|---|---|---|---|
| 008 | 170424b xxu||||| |||| 00| 0 eng d | ||
| 020 | _a9712706931 | ||
| 082 |
_21998 _aDFil 899.2103 _bM67 |
||
| 100 |
_920112 _aMiraflor, Norma O. |
||
| 245 |
_aA dream of peace and other stories/ _cNorma O. Miraflor. |
||
| 260 |
_aPasig City: _bAnvil Publishing, Inc., _cc1998. |
||
| 300 |
_av, 187 pages; _c22 cm. |
||
| 650 | 0 |
_920113 _aShort stories, Philippine (English). |
|
| 365 |
_b281.00 _cPhp. |
||
| 942 |
_2ddc _cDFIL |
||
| 999 |
_c6641 _d6641 |
||